| 000 | 01008nam0a22002531 4500 | ||
|---|---|---|---|
| 001 | rc\775345 | ||
| 005 | 20260406114920.0 | ||
| 035 | _a(NLR Aleph) 006301634 | ||
| 090 |
_a7257513 _c7257513 |
||
| 100 | _a20040301d1984 |||y0rusy50 ca | ||
| 101 | 0 | _arus | |
| 102 | _aRU | ||
| 105 | _ay ||||||||| | ||
| 200 | 1 | _aМатериалы пленума проблемной комиссии "Научные основы гигиены окружающей среды", 13-15 марта 1984 г. | |
| 210 |
_aМ. _cБ. и. _d1984 |
||
| 215 |
_a52 с. _d20 |
||
| 300 | _aВ надзаг.: АМН СССР, НИИ общ. и коммун. гигиены им. А.Н. Сысина | ||
| 333 | _aДСП. Экз. № 00004 | ||
| 710 | 0 | 2 |
_aАМН СССР _bПроблемная комиссия "Научные основы гигиены окружающей среды" _9295073 _3RU\NLR\AUTH\8811198 |
| 801 | 0 |
_aRU _bNLR _gpsbo |
|
| 801 | 1 |
_aRU _bELAR _2rusmarc |
|
| 852 |
_aNLR _j84-50К/4967 |
||
| 942 | _cBOOK | ||
| 980 | _aNB | ||